Statistics for Joy Division Songs

Click here to take the quiz!

General Stats

  • This quiz has been taken 296 times
  • The average score is 23 of 50

Answer Stats

HintAnswer% Correct
Love Will Tear Us Apart
88%
Unknown PleasuresDisorder
85%
She's Lost Control
84%
She's Lost Control
84%
Transmission
80%
Shadowplay
72%
OtherNew Dawn Fades
69%
Atmosphere
68%
Isolation
67%
Atrocity Exhibition
64%
Warsaw
64%
CloserDay of the Lords
61%
Twenty Four Hours
58%
Decades
54%
Interzone
54%
Dead Souls
53%
Dead Souls
53%
The Eternal
53%
Digital
52%
I Remember Nothing
52%
SubstanceInsight
49%
Insight
49%
StillCandidate
47%
Passover
47%
Heart and Soul
46%
Ceremony
44%
Colony
44%
Wilderness
44%
No Love Lost
41%
A Means to an End
39%
Leaders of Men
39%
These Days
38%
Ice Age
37%
Komakino
36%
Glass
35%
Glass
35%
Incubation
32%
Novelty
32%
The Sound of Music
27%
Walked in Line
27%
From Safety to Where...?
25%
Something Must Break
25%
The Kill
24%
Autosuggestion
23%
Failures
23%
Exercise One
22%
The Only Mistake
22%
In a Lonely Place
16%
As You Said
10%
The Drawback
5%

Score Distribution

Percentile by Number Answered

Percent of People with Each Score

Your Score History

You have not taken this quiz